000 00253nam a22001217a 4500
040 _cHS
082 _a319
100 _aNA
245 _aannual household crop production survey milestone m1.9.2
260 _aNA
_bNA
_c2002
300 _a22p;
942 _cEK
999 _c9651
_d9651